000 00772nam a22002177a 4500
999 _c1132
_d1132
005 20211011094627.0
008 211011b ||||| |||| 00| 0 eng d
020 _a9780062336125
_qpbk
040 _cKH8
082 _aFIC JON
100 _aJonasson, Jonas
_eauthor
245 _aThe Girl Who Saved the King of Sweden :
_ba novel /
_cJonas Jonasson ; translated by Rachel Willson-Broyles
260 _aHarper Collins :
_bUSA,
_c2014.
300 _a387 p. ;
_c23 cm.
500 _aFrom the author of the internationally bestselling sensation, "The 100-year-old man who climbed out the window and disappeared"
650 _aContemporary fiction
650 _aHistorical fiction
650 _aHumor
700 _aWillson-Broyles, Rachel
_eTranslator
942 _2ddc
_cFIC